The C Programming Language (Record no. 838)
[ view plain ]
| 000 -LEADER | |
|---|---|
| Fixed length control field | 00614nam a2200217 4500 |
| 003 - CONTROL NUMBER IDENTIFIER | |
| Control field | SEACOMEC |
| 005 - DATE AND TIME OF LATEST TRANSACTION | |
| Control field | 20240322120956.0 |
| 008 - FIXED-LENGTH DATA ELEMENTS--GENERAL INFORMATION | |
| Fixed length control field | 240322b |||||||| |||| 00| 0 eng d |
| 020 ## - INTERNATIONAL STANDARD BOOK NUMBER / ISBN | |
| International Standard Book Number | 978-9332549449 |
| Price | Rs.95.00 |
| 040 ## - CATALOGING SOURCE | |
| Original cataloging agency | SEACOMEC |
| 041 ## - LANGUAGE CODE | |
| Language code | English |
| 082 ## - DEWEY DECIMAL CLASSIFICATION NUMBER | |
| Classification number | 005.133 |
| Book Number | K39 |
| 100 ## - MAIN ENTRY--PERSONAL NAME | |
| Personal name | Kernighan, Brian W |
| 245 ## - TITLE STATEMENT | |
| Title | The C Programming Language |
| Statement of responsibility | Brian W. Kernighan and Dennis Ritchie |
| 250 ## - EDITION STATEMENT | |
| Edition statement | 2nd |
| 260 ## - IMPRINT | |
| Place of publication | New Delhi |
| Name of publisher | Prentice Hall |
| Date of publication | 2005 |
| 300 ## - PHYSICAL DESCRIPTION | |
| Page / Vol. No | 288p |
| Dimensions | 20.3 x 25.4 x 4.7 cm |
| 650 ## - SUBJECT ADDED ENTRY--TOPICAL TERM | |
| Topical term | Computer Science |
| Form subdivision | Programming languages |
| 700 ## - ADDED ENTRY--PERSONAL NAME | |
| Personal name | Ritchie, Dennis |
| 942 ## - ADDED ENTRY ELEMENTS (KOHA) | |
| Koha item type | Books |
| Withdrawn status | Lost status | Source of classification | Damaged status | Not for loan | Home library | Current library | Date acquired | Total Checkouts | Call number | Accession number | Date last seen | Price effective from | Koha item type | Copy number |
|---|---|---|---|---|---|---|---|---|---|---|---|---|---|---|
| Dewey Decimal Classification | SEACOM ENGINEERING COLLEGE | SEACOM ENGINEERING COLLEGE | 22/03/2024 | 005.133 K39 | 4249 | 22/03/2024 | 22/03/2024 | Books | ||||||
| Dewey Decimal Classification | SEACOM ENGINEERING COLLEGE | SEACOM ENGINEERING COLLEGE | 22/03/2024 | 005.133 K39 | 4250 | 22/03/2024 | 22/03/2024 | Books | 1 | |||||
| Dewey Decimal Classification | SEACOM ENGINEERING COLLEGE | SEACOM ENGINEERING COLLEGE | 22/03/2024 | 005.133 K39 | 4251 | 22/03/2024 | 22/03/2024 | Books | 2 | |||||
| Dewey Decimal Classification | SEACOM ENGINEERING COLLEGE | SEACOM ENGINEERING COLLEGE | 22/03/2024 | 005.133 K39 | 4252 | 22/03/2024 | 22/03/2024 | Books | 3 | |||||
| Dewey Decimal Classification | SEACOM ENGINEERING COLLEGE | SEACOM ENGINEERING COLLEGE | 22/03/2024 | 005.133 K39 | 4253 | 22/03/2024 | 22/03/2024 | Books | 4 | |||||
| Dewey Decimal Classification | SEACOM ENGINEERING COLLEGE | SEACOM ENGINEERING COLLEGE | 22/03/2024 | 005.133 K39 | 4254 | 22/03/2024 | 22/03/2024 | Books | 5 | |||||
| Dewey Decimal Classification | SEACOM ENGINEERING COLLEGE | SEACOM ENGINEERING COLLEGE | 22/03/2024 | 005.133 K39 | 4255 | 22/03/2024 | 22/03/2024 | Books | 6 | |||||
| Dewey Decimal Classification | SEACOM ENGINEERING COLLEGE | SEACOM ENGINEERING COLLEGE | 22/03/2024 | 005.133 K39 | 4256 | 22/03/2024 | 22/03/2024 | Books | 7 | |||||
| Dewey Decimal Classification | SEACOM ENGINEERING COLLEGE | SEACOM ENGINEERING COLLEGE | 22/03/2024 | 005.133 K39 | 4257 | 22/03/2024 | 22/03/2024 | Books | 8 | |||||
| Dewey Decimal Classification | SEACOM ENGINEERING COLLEGE | SEACOM ENGINEERING COLLEGE | 22/03/2024 | 005.133 K39 | 4258 | 22/03/2024 | 22/03/2024 | Books | 9 |
